Тест на общие знания №33 - Statistics

General Stats
  • This quiz has been taken 52 times
  • The average score is 9 of 20
Answer Stats
Вопрос Ответ % Correct
В каком виде спорта преуспели Сергей Фёдоров, Павел Дацюк и Александр Овечкин? хоккей
84%
Назовите самый тяжёлый орган человеческого тела кожа
81%
Какой вид птиц самый маленький? колибри
73%
В какой серии книг и фильмов основных персонажей зовут Белла, Эдвард и Джейкоб? "Сумерки"
70%
У кого есть дети с именами X Æ A-12, Техно Механикус и Экза Дарк Сайдириэль? Илон Маск
68%
Сколько секунд в полутора часах? 5400
68%
Как называется символ "!" в математике? факториал
62%
Что такое фейхоа, кумкват и кивано? фрукты
59%
На каком музыкальном инструменте играл Садко? гусли
51%
Назовите самую крупную в мире страну, где нет действующих вулканов Бразилия
43%
Как по-научному называется обильное газоиспускание у человека? метеоризм
35%
Какой вымышленный населённый пункт известен как "деревня, скрытая в листве"? Коноха
30%
Оригинальное название какого фильма - "Неприкасаемые" ("Intouchables")? "1+1"
27%
Какое правило гласит, что "если что-то может пойти не так - оно пойдёт не так"? закон Мёрфи
24%
Чьё настоящее имя - Норма Джин Мортенсон? Мэрилин Монро
24%
Кто организовал Пивной путч в 1923-м году? Адольф Гитлер
24%
Назовите ближайший к Москве мегаполис с населением более 10 млн. человек Стамбул
24%
Кто главный враг Соника? доктор Эггман
22%
Какой библейский персонаж разговаривал с горящим кустом? Моисей
16%
Какой подсластитель используют в промышленности вместо сахара? аспартам
11%
No matching quizzes found
Score Distribution
Percent of People with Each Score
Percentile by Number Answered
Your Score History
You have not taken this quiz